Speciální analytická chemie pro posluchače hydrogeologie

Main Author: Adam, Jiří, 1928-
Language: Czech
Published: Praha, 1965
Book
Saved in:
LEADER 00511nam a22001692a 4500
001 000199662
003 CZ BrMZK
005 19961101143423.0
007 ta
008 950101s1965 xr f cze d
040 |a BOA001  |b cze 
100 1 |a Adam, Jiří,  |d 1928-  |7 jk01010021 
245 1 0 |a Speciální analytická chemie pro posluchače hydrogeologie 
260 |a Praha,  |c 1965 
910 |a BOA001  |b 4-0547.133 
990 |a BK 
996 7 |b 2619928900  |c 4-0547.133  |l MZK  |r Sklad / do 1 hodiny  |n 4  |w 000199662  |u 000010  |a 1  |e BOA001  |j MZK50  |s A